Vizualizácia, porovnanie a modelovanie virtuálnych privátnych sietí diplomová práca

Saved in:
Bibliographic Details
Main Author: Silný, Peter
Corporate Author: Fakulta hospodárskej informatiky EU. Katedra aplikovanej informatiky
Other Authors: Jurík, Pavol, 1987-
Format: Book
Language:Slovak
Published: Bratislava 2024
Tags: Add Tag
No Tags, Be the first to tag this record!

MARC

LEADER 00000nbm a2200000 4500
001 0301122
005 20250904100427.5
041 0 |a slo 
044 |a SK 
245 1 0 |a Vizualizácia, porovnanie a modelovanie virtuálnych privátnych sietí  |b diplomová práca  |c Peter Silný ; školiteľ: Pavol Jurík 
264 1 |a Bratislava  |c 2024 
300 |a 80 s. 
100 1 |a Silný, Peter 
700 1 |a Jurík, Pavol, 1987- 
710 2 |a Fakulta hospodárskej informatiky EU. Katedra aplikovanej informatiky